Wizarding Creature Test (Harry Potter) - Statistics

General Stats
  • This quiz has been taken 1,246 times
  • The average score is 11 of 15
Answer Stats
Hint Answer % Correct
What is the name of Harry's owl? Hedwig
100%
Who warns Harry not to return to Hogwart's? Dobby
96%
What does Ron initially call his pet rat? Scabbers
88%
What is the name of Hermione's cat? Crookshanks
87%
What is the name of Neville's toad? Trevor
84%
Who does Harry inherit with Number 12 Grimmauld Place? Kreacher
82%
What is the name of Hagrid's hippogriff? Buckbeak
79%
Who is the Crouch's house elf? Winky
79%
What creatures can only be seen by those have seen death? Thestral
76%
Who teaches divination? Firenze
73%
Ron's owl is called... Pigwidgeon
69%
What is the name of the goblin who first showed Harry to his vault? Griphook
68%
What is the only cure for basilisk venom? Phoenix Tears
68%
What is Percy's owl's name? Hermes
56%
In Harry's fourth year, what creature does he study in Hagrid's class? Blast-ended Skrewt
29%
No matching quizzes found
Score Distribution
Percent of People with Each Score
Percentile by Number Answered
Your Score History
You have not taken this quiz